000 00859nam a2200169 a 4500
008 120416s1972 ||||||||||||||||| || u
050 _aHA 29 Spi
100 _aSpiegel, Murray R
245 1 0 _aSchaum's outline of theory and problems of statistics in SI units
260 _aNew York:
_bMcGraw-Hill
_c1972
300 _avii, 359p. : ill.
350 _a0.00
650 3 _aP0PULATION STATISTICS
995 _aMAIN LIBRARY OPEN ACCESS
_D0.00
_e719605
_FCBU-MAIN LIBRARY (Kitwe)
_H4
_I0.00
_jHA 29 Spi
_M2
_UAVAILABLE
_y000256
_ZMain Library Open Access Collection
995 _aBINDERY (DAMAGED)
_D0.00
_e711541
_FCBU-MAIN LIBRARY (Kitwe)
_H2
_I0.00
_jHA 29 Spi
_M3
_UDAMAGED
_y000257
_ZMain Library Open Access Collection
995 _aMAIN LIBRARY OPEN ACCESS
_D0.00
_e719604
_FCBU-MAIN LIBRARY (Kitwe)
_H3
_I0.00
_jHA 29 Spi
_M1
_UAVAILABLE
_y000255
_ZMain Library Open Access Collection
999 _c80336
_d80336